[Event "FIDE World Blitz 2014"]
[Site "Dubai UAE"]
[Date "2014.06.20"]
[Round "13.43"]
[White "Aleksandrov, Aleksej"]
[Black "Zhigalko, Sergei"]
[Result "1-0"]
[WhiteTitle "GM"]
[BlackTitle "GM"]
[WhiteElo "2554"]
[BlackElo "2678"]
[WhiteFideId "13500139"]
[BlackFideId "13502956"]
[EventDate "2014.06.19"]

1. d4 Nf6 2. c4 e6 3. Nc3 Bb4 4. e3 O-O 5. Bd3 c5 6. Nf3 Nc6 7. O-O Bxc3 8. bxc3
d6 9. e4 e5 10. Rb1 h6 11. h3 b6 12. Be3 Re8 13. d5 Ne7 14. Nd2 Ng6 15. Re1 Bd7
16. Kh2 Qe7 17. g3 Nh7 18. Qh5 Qf6 19. Rf1 Nf4 20. gxf4 exf4 21. Qf3 fxe3 22.
Qxf6 Nxf6 23. fxe3 Re5 24. Rf3 Rae8 25. Rbf1 Rh5 26. Rg3 Ng4+ 27. Kg2 Ne5 28.
Be2 Rg5 29. h4 Rxg3+ 30. Kxg3 g6 31. Rh1 Kg7 32. Rg1 Bc8 33. Kf4 f6 34. Kg3 g5
35. hxg5 hxg5 36. Rh1 Bd7 37. Rh2 a6 38. Rh1 Rb8 39. Rb1 Kf7 40. Bd1 b5 41. cxb5
axb5 42. a4 Ke7 43. Be2 b4 44. a5 Ra8 45. cxb4 cxb4 46. a6 Rb8 47. Nb3 Kd8 48.
Nd4 Kc7 49. Rb2 Nf7 50. Bg4 Ne5 51. Bxd7 Kxd7 52. a7 Ra8 53. Nb5 Nd3 54. Rb3 Nc5
55. Rxb4 Ke7 56. Nd4 Nxe4+ 57. Kg2 Kd7 58. Nc6 Nc5 59. Kf3 Kc7 60. Kg4 Nd7 61.
Kf5 Re8 62. Ra4 Nb6 63. Re4 Rxe4 64. Kxe4 Kb7 65. Ne7 Kxa7 66. Kf5 Kb7 67. e4
Kc7 68. Kxf6 g4 69. Nf5 Nc4 70. Kg5 Nd2 71. Ng3 Kd7 72. Kxg4 Nc4 73. Kg5 Ne3 74.
Nh5 Ke7 75. Ng7 Nc4 76. Kf5 Ne3+ 77. Kg6 Nc4 78. Nf5+ Kd7 79. Kf7 Nd2 80. Ng3
Nf3 81. Kf6 Nd2 82. Kf7 Nf3 83. Nh5 Ng5+ 84. Kg6 Nf3 85. Kf6 Nd2 86. Ng3 Nf3 87.
Kf5 Nd4+ 88. Kg5 Nf3+ 89. Kf6 Nd2 90. Kf7 Nf3 91. Kg6 Nd2 92. Kf5 Ke7 93. Ne2
Nf3 94. Kf4 Ne5 95. Nd4 Nd3+ 96. Ke3 Nc5 97. Nf5+ Kd7 98. Kf4 Nd3+ 99. Kf3 Ne5+
100. Kg3 Nd3 101. Nd4 Nc5 102. Kf4 Ke7 103. Ne2 Kf6 104. Ng3 Nd3+ 105. Ke3 Nb4
106. Kd4 Ke7 107. Nf5+ Kd7 108. Ne3 Na6 109. Kc4 Nc7 110. Ng4 Ke7 111. Nh6 Kd7
112. Ng8 Ne8 113. Kb5 Kc7 114. Ka5 Kb7 115. Ka4 Ka6 116. Kb4 Kb6 117. Kc4 Ka5
118. Ne7 Nf6 119. Kd4 Kb6 120. Nc8+ Kc7 121. Nxd6 Kxd6 122. e5+ Ke7 123. exf6+
Kxf6 124. Kc5 Ke7 125. Kc6 Kd8 126. Kd6 Ke8 127. Kc7 1-0

[Event "FIDE World Blitz 2014"]
[Site "Dubai UAE"]
[Date "2014.06.20"]
[Round "13.44"]
[White "Georgiev, Kiril"]
[Black "Vakhidov, Jahongir"]
[Result "1-0"]
[WhiteTitle "GM"]
[BlackTitle "IM"]
[WhiteElo "2644"]
[BlackElo "2471"]
[WhiteFideId "2900017"]
[BlackFideId "14201801"]
[EventDate "2014.06.19"]

1. c4 g6 2. Nc3 Bg7 3. g3 c5 4. Bg2 Nc6 5. Nf3 Nf6 6. O-O O-O 7. d4 cxd4 8. Nxd4
Qa5 9. Nb3 Qh5 10. e4 d6 11. Qxh5 Nxh5 12. Be3 Nf6 13. c5 Ng4 14. Bf4 dxc5 15.
Nxc5 e5 16. Bg5 h6 17. Bd2 b6 18. Nb3 Ba6 19. Rfd1 Bc4 20. h3 Nf6 21. Be3 Rfd8
22. Nd2 Be6 23. Nf3 Nd7 24. Nd5 Bxd5 25. exd5 Na5 26. Nd2 f5 27. Rac1 e4 28. b4
Nb7 29. Nc4 Rac8 30. f3 exf3 31. Bxf3 b5 32. Na5 Nxa5 33. bxa5 Ne5 34. Bg2 Rxc1
35. Rxc1 a6 36. Rc7 Nc4 37. Bc5 Be5 38. Rc6 Bd6 39. Bf2 Nxa5 40. Rxa6 Nc4 41.
Rc6 Ra8 42. Bf1 Rd8 43. a4 Ne5 44. axb5 Kf7 45. Ra6 Be7 46. b6 Rb8 47. Ra7 Kf6
48. Bd4 Bd6 49. Rd7 Bb4 50. Kg2 g5 51. b7 f4 52. gxf4 gxf4 53. Ba6 Kf5 54. Rg7
Ke4 55. Bxe5 Kxe5 56. Kf3 Kxd5 57. Kxf4 Bd6+ 58. Kg4 Rf8 59. Kh5 Rf6 60. Rd7 Rf8
61. h4 Kc6 62. Rh7 Bf4 63. Bd3 Kb6 64. Be4 Ka7 65. Re7 Bb8 66. Re6 Rf4 67. Bc6
Rc4 68. Rxh6 Rc5+ 69. Kg4 Rc4+ 70. Kf5 Rc5+ 71. Ke4 Rc4+ 72. Kd5 Rc1 73. Kd4
Rd1+ 74. Kc4 Rc1+ 75. Kd3 Rd1+ 76. Ke2 Rc1 77. Bf3 Rc2+ 78. Kd3 Rb2 79. h5 Rb3+
80. Ke2 Rb2+ 81. Ke3 Rb3+ 82. Ke2 Rb2+ 83. Kf1 Rb1+ 84. Kg2 Rb2+ 85. Kh3 Rb3 86.
Kg2 Rb2+ 87. Kf1 Rb1+ 88. Ke2 Rb2+ 89. Kd1 Rb1+ 90. Kc2 Rh1 91. Bxh1 1-0

[Event "FIDE World Blitz 2014"]
[Site "Dubai UAE"]
[Date "2014.06.20"]
[Round "13.45"]
[White "Lenic, Luka"]
[Black "Omar, Noaman"]
[Result "1-0"]
[WhiteTitle "GM"]
[BlackTitle "IM"]
[WhiteElo "2659"]
[BlackElo "2366"]
[WhiteFideId "14603853"]
[BlackFideId "9300244"]
[EventDate "2014.06.19"]

1. d4 d5 2. c4 e6 3. Nc3 Be7 4. Bf4 Nf6 5. e3 O-O 6. Nf3 b6 7. Bd3 dxc4 8. Bxc4
Bb7 9. O-O a6 10. Qe2 b5 11. Bd3 c5 12. dxc5 Bxc5 13. Rac1 Nbd7 14. e4 Be7 15.
Rfd1 Qb6 16. Be3 Qa5 17. a3 Rac8 18. Bd2 Qb6 19. e5 Bxf3 20. gxf3 Nd5 21. Nxd5
exd5 22. Bf5 Rxc1 23. Rxc1 Rd8 24. f4 Nf8 25. Bb1 d4 26. Bd3 Qe6 27. f5 Qb3 28.
Bf4 g6 29. Rc7 Re8 30. Ra7 gxf5 31. Bxf5 Ng6 32. Bg3 Bc5 33. Rc7 Bf8 34. h4 d3
35. Bxd3 Qd5 36. Be4 Qd4 37. Qf3 Re7 38. Rxe7 Bxe7 39. Bd5 1-0

[Event "FIDE World Blitz 2014"]
[Site "Dubai UAE"]
[Date "2014.06.20"]
[Round "13.46"]
[White "Kryvoruchko, Yuriy"]
[Black "Debashis, Das"]
[Result "1/2-1/2"]
[WhiteTitle "GM"]
[BlackTitle "GM"]
[WhiteElo "2707"]
[BlackElo "2484"]
[WhiteFideId "14109182"]
[BlackFideId "5024854"]
[EventDate "2014.06.19"]

1. e4 e5 2. Nf3 Nc6 3. Nc3 Nf6 4. d4 exd4 5. Nxd4 Bb4 6. Nxc6 bxc6 7. Bd3 O-O 8.
O-O d5 9. exd5 cxd5 10. h3 c6 11. Qf3 Re8 12. Bg5 h6 13. Bxf6 Qxf6 14. Qxf6 gxf6
15. Ne2 Bd6 16. b3 Be6 17. Rad1 a5 18. a4 Rab8 19. Nd4 c5 20. Nxe6 fxe6 21. Bb5
Re7 22. Rfe1 Rd8 23. g3 f5 24. Kg2 Kf7 25. Re2 Kf6 26. f4 h5 27. Kf3 Rg8 28.
Rde1 e5 29. fxe5+ Rxe5 30. Rxe5 Bxe5 31. Rg1 h4 32. g4 fxg4+ 33. Rxg4 Rxg4 34.
Kxg4 Bg3 35. Bc6 Ke5 36. Kf3 Be1 37. Ke3 Bg3 38. Kd3 Be1 39. Ke3 d4+ 40. Kd3 Bb4
41. Kc4 Kf4 42. Kd3 Ke5 1/2-1/2

[Event "FIDE World Blitz 2014"]
[Site "Dubai UAE"]
[Date "2014.06.20"]
[Round "13.48"]
[White "Goloshchapov, Alexander"]
[Black "Sriram, Jha"]
[Result "0-1"]
[WhiteTitle "GM"]
[BlackTitle "GM"]
[WhiteElo "2586"]
[BlackElo "2375"]
[WhiteFideId "14103222"]
[BlackFideId "5001668"]
[EventDate "2014.06.19"]

1. d4 Nf6 2. c4 g6 3. Nf3 Bg7 4. g3 O-O 5. Bg2 d6 6. Nc3 Nbd7 7. O-O e5 8. e4 c6
9. Rb1 a5 10. h3 Re8 11. Be3 exd4 12. Nxd4 Nc5 13. Qc2 Qc7 14. Rfe1 Bd7 15. b3
Rad8 16. Rbd1 Bc8 17. f4 h6 18. Bf2 Nh5 19. Qd2 Nf6 20. Kh2 Kh7 21. Bf3 Kg8 22.
Kg2 Kh7 23. Qc2 Kg8 24. Rd2 Re7 25. Red1 Ree8 26. Kh2 Kh7 27. g4 Kg8 28. Bg3 Bf8
29. f5 Ncd7 30. Ndb5 cxb5 31. Nxb5 Qb6 32. Nxd6 Ne5 33. Bg2 Rxd6 34. Qc3 Rxd2
35. Rxd2 Bb4 36. Qd4 Qxd4 37. Rxd4 Kg7 38. Rd1 Nc6 39. Rd3 Nxe4 40. Re3 Nf6 41.
Rd3 gxf5 42. gxf5 Bxf5 43. Rd1 Re2 44. Kh1 Be4 45. Bxe4 Nxe4 46. Bh4 Be7 47. Be1
Bg5 48. Kg1 Be3+ 49. Kf1 0-1

[Event "FIDE World Blitz 2014"]
[Site "Dubai UAE"]
[Date "2014.06.20"]
[Round "13.49"]
[White "Glek, Igor"]
[Black "Shyam, Sundar M."]
[Result "0-1"]
[WhiteTitle "GM"]
[BlackTitle "GM"]
[WhiteElo "2438"]
[BlackElo "2468"]
[WhiteFideId "4100484"]
[BlackFideId "5019141"]
[EventDate "2014.06.19"]

1. e4 c5 2. Nf3 d6 3. c3 Nf6 4. h3 Nbd7 5. Bd3 b6 6. O-O Bb7 7. Re1 e6 8. Bc2
Be7 9. d4 O-O 10. Nbd2 Rc8 11. e5 Ne8 12. Ne4 cxd4 13. exd6 Nxd6 14. Nxd6 Bxd6
15. Nxd4 Nf6 16. Bg5 Rc5 17. Be3 Qa8 18. Nf3 Rd5 19. Qe2 Rh5 20. Rad1 Bc7 21.
Bd4 Bxf3 22. Qxf3 Qxf3 23. gxf3 Nd5 24. Be4 Nf4 25. Be3 Nxh3+ 26. Kf1 Nf4 27.
Bxf4 Bxf4 28. Rd7 a5 29. Rb7 b5 30. Rd1 g6 31. Bc6 Rh1+ 32. Ke2 Rxd1 33. Kxd1
Rd8+ 34. Ke1 b4 35. cxb4 axb4 36. Kf1 Bd2 37. Rd7 Rxd7 38. Bxd7 Bc1 39. b3 Kg7
40. Kg2 Kf6 41. Be8 Ke7 42. Bb5 f5 43. Bc4 Bf4 44. Bb5 Kd6 45. Be8 Ke7 46. Bb5
Be5 47. Kf1 h5 48. Kg2 Bd4 49. Bc4 Kf6 50. Bb5 e5 51. Bc6 g5 52. Be8 h4 53. Bd7
Bc5 54. Bc8 Kg6 55. Bd7 Bb6 56. Bc8 Kf6 57. Bd7 e4 58. fxe4 fxe4 59. Bc6 Ke5 60.
Bd7 Kf4 61. Bc6 g4 62. Bd7 Bc5 63. Bc8 h3+ 0-1

[Event "FIDE World Blitz 2014"]
[Site "Dubai UAE"]
[Date "2014.06.20"]
[Round "13.51"]
[White "Al Qudaimi, Basheer"]
[Black "Suhail, Abdurahim"]
[Result "0-1"]
[WhiteTitle "IM"]
[BlackTitle "CM"]
[WhiteElo "2396"]
[BlackElo "2239"]
[WhiteFideId "9400346"]
[BlackFideId "9300228"]
[EventDate "2014.06.19"]

1. e4 c5 2. Nf3 e6 3. d4 cxd4 4. Nxd4 Nf6 5. Nc3 Nc6 6. Be3 Bb4 7. Bd3 d5 8.
Nxc6 bxc6 9. Bd2 Bxc3 10. Bxc3 dxe4 11. Bxf6 Qxf6 12. Bxe4 O-O 13. O-O Qxb2 14.
Qd3 g6 15. Bxc6 Rb8 16. c4 Ba6 17. Rfc1 Rfc8 18. Qd6 Bxc4 19. Bf3 Bd5 20. Re1
Bxf3 21. gxf3 Qf6 22. Qg3 Rb5 23. f4 Rc3 24. Qg4 h5 25. Qe2 Rbc5 26. Rad1 Qxf4
27. Qf1 Rg5+ 28. Qg2 Rxg2+ 0-1

[Event "FIDE World Blitz 2014"]
[Site "Dubai UAE"]
[Date "2014.06.20"]
[Round "14.4"]
[White "Anand, Viswanathan"]
[Black "Meier, Georg"]
[Result "1-0"]
[WhiteTitle "GM"]
[BlackTitle "GM"]
[WhiteElo "2785"]
[BlackElo "2632"]
[WhiteFideId "5000017"]
[BlackFideId "4675789"]
[EventDate "2014.06.19"]

1. c4 e6 2. Nf3 d5 3. g3 Nf6 4. Bg2 dxc4 5. Qa4+ c6 6. Qxc4 b5 7. Qb3 Bb7 8. O-O
Nbd7 9. d4 Be7 10. Ne5 Nxe5 11. dxe5 Nd5 12. Nc3 O-O 13. Nxd5 exd5 14. Rd1 Bc5
15. Be3 Bb6 16. a4 Bxe3 17. Qxe3 bxa4 18. Rxa4 Qb6 19. Qc3 Ba6 20. e4 Bb5 21.
Rad4 dxe4 22. Bxe4 Rae8 23. Rd6 a5 24. Bxc6 Bxc6 25. Rxc6 Qb8 26. Rd5 a4 27. Rc4
Qa8 28. Ra5 Qb8 29. Rcxa4 Rc8 30. Qb4 Rc1+ 31. Kg2 Qd8 32. Qd4 Qc8 33. Qe4 g6
34. Ra8 Qc5 35. e6 1-0

[Event "FIDE World Blitz 2014"]
[Site "Dubai UAE"]
[Date "2014.06.20"]
[Round "14.6"]
[White "Aronian, Levon"]
[Black "Laznicka, Viktor"]
[Result "1-0"]
[WhiteTitle "GM"]
[BlackTitle "GM"]
[WhiteElo "2815"]
[BlackElo "2679"]
[WhiteFideId "13300474"]
[BlackFideId "316385"]
[EventDate "2014.06.19"]

1. c4 c6 2. d4 d5 3. cxd5 cxd5 4. Nc3 Nf6 5. Nf3 Nc6 6. Bf4 a6 7. Rc1 Bf5 8. e3
Rc8 9. Be2 e6 10. O-O Bd6 11. Bxd6 Qxd6 12. Na4 O-O 13. Nc5 Rc7 14. Qb3 Rb8 15.
Qb6 Ne8 16. Na4 Rbc8 17. Rc5 Nd8 18. Rfc1 Rxc5 19. dxc5 Qxb6 20. Nxb6 Rc7 21. b4
Bg4 22. a3 Kf8 23. Kf1 Bxf3 24. gxf3 Nf6 25. Ke1 Ke7 26. Kd2 Nd7 27. Nxd7 Kxd7
28. e4 Nc6 29. exd5 exd5 30. Rc3 Ke6 31. Re3+ Kf6 32. f4 Ne7 33. Bf3 Ng6 34. Re8
Nxf4 35. Bg4 h5 36. Bc8 g5 37. Ke3 Ng6 38. Bh3 Nf4 39. Bc8 Ng6 40. Bh3 Nf4 41.
Bc8 Ng6 42. Bh3 Ne5 43. Kd4 Nf3+ 44. Kxd5 Nxh2 45. Bc8 h4 46. Kd6 Rc6+ 47. Kd7
h3 48. Bxb7 Re6 49. Rxe6+ fxe6 50. c6 Nf3 51. c7 Ne5+ 52. Kd6 Nf7+ 1-0

[Event "FIDE World Blitz 2014"]
[Site "Dubai UAE"]
[Date "2014.06.20"]
[Round "14.9"]
[White "Bacrot, Etienne"]
[Black "Lu, Shanglei"]
[Result "1-0"]
[WhiteTitle "GM"]
[BlackTitle "GM"]
[WhiteElo "2720"]
[BlackElo "2546"]
[WhiteFideId "605506"]
[BlackFideId "8603332"]
[EventDate "2014.06.19"]

1. b3 e5 2. Bb2 Nc6 3. e3 Nf6 4. Bb5 Bd6 5. Na3 a6 6. Bxc6 dxc6 7. Nc4 Qe7 8.
Ne2 O-O 9. O-O Bg4 10. f3 Bh5 11. Ng3 Bg6 12. f4 exf4 13. exf4 h6 14. Nxd6 Qxd6
15. f5 Bh7 16. d3 Rfe8 17. Qd2 Ng4 18. Rae1 Qc5+ 19. d4 Qd6 20. Qd3 Re7 21. Qf3
Nf6 22. Re5 Nd7 23. Nh5 f6 24. Ree1 Rae8 25. Qg4 Kh8 26. Bc3 Rg8 27. h3 Nb6 28.
Kh1 Nd5 29. Bd2 Qd7 30. c4 Rxe1 31. Rxe1 Bxf5 32. Qh4 Nb6 33. Bxh6 Bh7 34. Nxf6
Qd6 35. Bg5 1-0

[Event "FIDE World Blitz 2014"]
[Site "Dubai UAE"]
[Date "2014.06.20"]
[Round "14.10"]
[White "Wojtaszek, Radoslaw"]
[Black "Amin, Bassem"]
[Result "1-0"]
[WhiteTitle "GM"]
[BlackTitle "GM"]
[WhiteElo "2715"]
[BlackElo "2635"]
[WhiteFideId "1118358"]
[BlackFideId "10601457"]
[EventDate "2014.06.19"]

1. d4 f5 2. c4 e6 3. g3 Nf6 4. Bg2 Be7 5. Nf3 O-O 6. O-O d6 7. Nc3 Qe8 8. b4 Nc6
9. b5 Nd8 10. a4 Qh5 11. e3 Nf7 12. Ne1 Qxd1 13. Nxd1 e5 14. Nc3 a6 15. Nc2 axb5
16. cxb5 e4 17. Bd2 Be6 18. Rfb1 Bc4 19. Bf1 Bxf1 20. Kxf1 Ng5 21. Nb4 Nf3 22.
Ke2 g5 23. h3 Bd8 24. a5 f4 25. a6 bxa6 26. bxa6 fxg3 27. fxg3 g4 28. hxg4 Ng5
29. Nc6 Nxg4 30. Rf1 Rf3 31. a7 Rxg3 32. Rab1 Rg2+ 33. Kd1 Nf3 34. Bc1 Nf2+ 35.
Rxf2 Rxf2 36. Rb8 Rxa7 37. Rxd8+ Kf7 38. Nxa7 Rf1+ 39. Kc2 Ne1+ 40. Kb3 Nd3 41.
Bd2 1-0

[Event "FIDE World Blitz 2014"]
[Site "Dubai UAE"]
[Date "2014.06.20"]
[Round "14.13"]
[White "Cheparinov, Ivan"]
[Black "Nguyen, Ngoc Truong Son"]
[Result "1/2-1/2"]
[WhiteTitle "GM"]
[BlackTitle "GM"]
[WhiteElo "2682"]
[BlackElo "2621"]
[WhiteFideId "2905540"]
[BlackFideId "12401110"]
[EventDate "2014.06.19"]

1. d4 d5 2. c4 c6 3. Nf3 Nf6 4. e3 Bf5 5. Nc3 e6 6. Nh4 Bg6 7. Qb3 Qc7 8. Nxg6
hxg6 9. g3 Nbd7 10. Bg2 Be7 11. O-O O-O 12. cxd5 exd5 13. f3 Qb6 14. Rd1 a5 15.
Qxb6 Nxb6 16. a4 Bb4 17. Ne2 Rfe8 18. b3 Nc8 19. Ra2 Nd6 20. g4 Nd7 21. Rc2 Rac8
22. Nf4 Nb8 23. h4 Na6 24. Bf1 Nc7 25. Nd3 Na6 26. Nc5 Nc7 27. Nd3 Na6 28. Kf2
Re7 29. Ne5 Nc7 30. Bd3 Ne6 31. Bb2 Rec7 32. Rdc1 c5 33. Bf1 cxd4 34. Rxc7 dxe3+
35. Kxe3 Rxc7 36. Rxc7 Nxc7 37. Nd3 Na6 38. Be5 Nc8 39. Kd4 Be7 40. Kxd5 Bxh4
41. Kc4 Bd8 42. f4 f6 43. Bd4 Kf7 44. Bg2 Nd6+ 45. Kc3 b6 46. Bd5+ Ke7 47. Bc6
Nb8 48. Bf3 Kd7 49. b4 Nc6 50. Be3 axb4+ 51. Nxb4 Nxb4 52. Kxb4 Bc7 53. Bd5 f5
54. g5 Nc8 55. Bf7 Ne7 56. Kc4 Kc6 57. Be8+ Kd6 58. Bc1 Ke6 59. Be3 Kd6 60. Bf7
Kc6 61. Bd2 Bd6 62. Be8+ Kb7 63. Kb5 Bc7 64. Bf7 Ka7 65. Bc1 Kb7 66. Be3 Bd8 67.
Bd4 Bc7 68. Be3 Bd8 69. Be6 Bc7 70. Bf7 Bd8 71. Bc1 Bc7 72. Bd2 Bd6 73. Be3 Bc7
74. Be8 Bd8 75. Bd2 Bc7 76. Bb4 Nc8 77. Bc6+ Kb8 78. Be8 Bxf4 79. Bxg6 Bxg5 80.
Bxf5 Be3 81. Kc6 g5 82. Bg4 Na7+ 83. Kd7 Bf4 84. Bf3 Nc8 85. Bf8 Na7 86. Bb4 Nc8
87. Ba3 Na7 88. Kd8 Nc8 89. Kd7 Na7 90. Bb4 Nc8 91. Ba3 Na7 92. Bb4 Nc8 1/2-1/2

[Event "FIDE World Blitz 2014"]
[Site "Dubai UAE"]
[Date "2014.06.20"]
[Round "14.14"]
[White "Inarkiev, Ernesto"]
[Black "Mamedov, Rauf"]
[Result "0-1"]
[WhiteTitle "GM"]
[BlackTitle "GM"]
[WhiteElo "2682"]
[BlackElo "2659"]
[WhiteFideId "4162722"]
[BlackFideId "13401653"]
[EventDate "2014.06.19"]

1. e4 e5 2. Nf3 d6 3. d4 exd4 4. Nxd4 Nf6 5. Nc3 g6 6. g3 Bg7 7. Bg2 O-O 8. O-O
Nbd7 9. Re1 a6 10. a4 Re8 11. h3 Rb8 12. Bf4 Ne5 13. Kh2 Bd7 14. b3 Nh5 15. Be3
Nf6 16. Qd2 c5 17. Nde2 Bc6 18. Rad1 Bf8 19. Nf4 b5 20. axb5 axb5 21. Ncd5 Ned7
22. f3 b4 23. Bf1 Ne5 24. Kg2 g5 25. Ne2 Nxf3 26. Kxf3 Nxe4 27. Qd3 Re5 28. Qxe4
Rxe4 29. Kxe4 Qe8+ 30. Kf3 Qe5 31. Kf2 Bxd5 32. Nc1 Bc6 33. Bc4 Qf5+ 34. Ke2 Re8
35. Nd3 d5 36. Rf1 Qe4 0-1

[Event "FIDE World Blitz 2014"]
[Site "Dubai UAE"]
[Date "2014.06.20"]
[Round "14.17"]
[White "Movsesian, Sergei"]
[Black "Fedoseev, Vladimir3"]
[Result "0-1"]
[WhiteTitle "GM"]
[BlackTitle "GM"]
[WhiteElo "2672"]
[BlackElo "2662"]
[WhiteFideId "310204"]
[BlackFideId "24130737"]
[EventDate "2014.06.19"]

1. g3 d5 2. Nf3 Nf6 3. Bg2 c6 4. O-O Bg4 5. c4 dxc4 6. Ne5 Nbd7 7. Nxc4 e5 8. d3
Qc7 9. h3 Be6 10. b3 Bc5 11. Bb2 O-O 12. Nbd2 Rfe8 13. Rc1 Bf8 14. Nf3 Bd5 15.
e4 Bxc4 16. Rxc4 Rad8 17. Qe2 c5 18. Rd1 Qd6 19. Rcc1 Nb8 20. Nh4 Nc6 21. Nf5
Qd7 22. Ne3 b6 23. Kh2 Qc7 24. Qf3 Nb4 25. Qe2 Nxa2 26. Ra1 Nb4 27. Nc4 Nc6 28.
Bc3 g6 29. f4 Nd7 30. Ne3 exf4 31. Nd5 fxg3+ 32. Kh1 Qd6 33. Qb2 Nde5 34. Rf1
Bg7 35. Qe2 a5 36. Qe3 Ne7 37. Qxg3 Nxd5 38. exd5 Nc4 39. Qf2 Bxc3 40. Rac1 Ne3
41. Qxf7+ Kh8 42. Rf3 Rf8 43. Qe6 Rxf3 44. Bxf3 Bd4 45. Re1 Qxe6 46. dxe6 Nf5
47. Bc6 Ne7 48. Bb5 Kg7 49. Kg2 Kf6 50. Bc4 Nf5 51. e7 Re8 52. Re6+ Kg5 53. h4+
Nxh4+ 54. Kh3 Nf5 0-1

[Event "FIDE World Blitz 2014"]
[Site "Dubai UAE"]
[Date "2014.06.20"]
[Round "14.18"]
[White "Iturrizaga Bonelli, Eduardo"]
[Black "Matlakov, Maxim"]
[Result "1-0"]
[WhiteTitle "GM"]
[BlackTitle "GM"]
[WhiteElo "2653"]
[BlackElo "2689"]
[WhiteFideId "3901211"]
[BlackFideId "4168003"]
[EventDate "2014.06.19"]

1. Nf3 d5 2. c4 c6 3. e3 Nf6 4. Nc3 Nbd7 5. Qc2 e5 6. cxd5 Nxd5 7. a3 Bd6 8. Bc4
N7b6 9. Ba2 O-O 10. Ne4 Bc7 11. b4 a5 12. bxa5 Rxa5 13. Bb2 Qe7 14. O-O Na4 15.
Bc1 f5 16. Ng3 Kh8 17. d3 Nac3 18. Bb3 e4 19. dxe4 fxe4 20. Nd2 Bxg3 21. fxg3
Ne2+ 22. Kh1 Nxe3 23. Rxf8+ Qxf8 24. Qxe4 Ng4 25. Qxe2 Re5 26. Qf1 Qc5 27. Bb2
Nf2+ 28. Qxf2 Qxf2 29. Bxe5 Qxd2 30. Rd1 Qa5 31. Bc3 Qc7 32. Rf1 h5 33. Rf7 Qd6
34. Bxg7+ Kh7 35. Be5+ 1-0

[Event "FIDE World Blitz 2014"]
[Site "Dubai UAE"]
[Date "2014.06.20"]
[Round "14.19"]
[White "Ipatov, Alexander"]
[Black "Fressinet, Laurent"]
[Result "1/2-1/2"]
[WhiteTitle "GM"]
[BlackTitle "GM"]
[WhiteElo "2613"]
[BlackElo "2717"]
[WhiteFideId "14116731"]
[BlackFideId "608742"]
[EventDate "2014.06.19"]

1. d4 d5 2. c4 c6 3. Nf3 Nf6 4. Nbd2 Bf5 5. Nh4 Be4 6. f3 Bg6 7. Qb3 Qb6 8. cxd5
cxd5 9. Nxg6 hxg6 10. Qxb6 axb6 11. Nb3 Nc6 12. Kf2 e6 13. g3 Bd6 14. Bd2 b5 15.
a3 b4 16. a4 Ke7 17. e3 g5 18. g4 e5 19. h3 e4 20. Be2 Ra7 21. a5 exf3 22. Bxf3
Rha8 23. Ra4 Nxa5 24. Nxa5 Rxa5 25. Rxb4 Bxb4 26. Bxb4+ Kd7 27. Bxa5 Rxa5 28.
Rc1 Rb5 29. Rc2 Kd6 30. Ke2 b6 31. Kd2 Rb3 32. Ke2 Nd7 33. Kd2 Nb8 34. Bd1 Rb5
35. Kc3 Ra5 36. Rf2 f6 37. Rf5 Nc6 38. Bb3 Ne7 39. Rf1 Ra7 40. Kd3 Ra8 41. Rc1
Rh8 42. Rh1 g6 43. e4 dxe4+ 44. Kxe4 f5+ 45. Kf3 Nc6 46. Ke3 Re8+ 47. Kf2 Nxd4
48. Rd1 Kc5 49. Bf7 Rf8 50. Bxg6 fxg4+ 51. Kg3 gxh3 52. Kxh3 Rf2 53. Kg4 Rg2+
54. Kh5 Ne6 55. Be4 Rxb2 56. Bf5 Nd4 57. Be4 Ne6 58. Bf5 Ng7+ 59. Kxg5 Nxf5 60.
Kxf5 Re2 61. Rc1+ Kb5 62. Rb1+ Kc6 63. Rc1+ Kd5 64. Rb1 Rf2+ 65. Kg4 Rf6 66. Kg5
Rc6 67. Kf5 Kd4 68. Rd1+ Ke3 69. Ke5 b5 70. Kd5 Rc8 71. Rb1 Rb8 72. Kc5 Kd3 73.
Rxb5 Rxb5+ 74. Kxb5 Ke4 1/2-1/2

[Event "FIDE World Blitz 2014"]
[Site "Dubai UAE"]
[Date "2014.06.20"]
[Round "14.21"]
[White "Gundavaa, Bayarsaikhan"]
[Black "Korobov, Anton"]
[Result "0-1"]
[WhiteTitle "GM"]
[BlackTitle "GM"]
[WhiteElo "2501"]
[BlackElo "2680"]
[WhiteFideId "4901045"]
[BlackFideId "14105730"]
[EventDate "2014.06.19"]

1. e4 c5 2. Nf3 d6 3. Bb5+ Nd7 4. O-O a6 5. Bd3 Ngf6 6. c3 e5 7. a4 b6 8. Bc2
Bb7 9. Re1 g6 10. d4 Bg7 11. Nbd2 O-O 12. Nc4 Qc7 13. dxe5 dxe5 14. Qd6 Qxd6 15.
Nxd6 Bc6 16. Bb3 Ne8 17. Nxe8 Rfxe8 18. Nd2 b5 19. c4 b4 20. Nf1 Nf8 21. a5 Ne6
22. Ba4 Bxa4 23. Rxa4 Nd4 24. Ne3 Bh6 25. Kf1 Nb3 26. Ke2 Rad8 27. Rd1 Rd4 28.
g3 Red8 29. Re1 Rxe4 30. Kf3 f5 31. h4 Rd3 32. Ke2 Nxc1+ 33. Rxc1 Rb3 0-1

[Event "FIDE World Blitz 2014"]
[Site "Dubai UAE"]
[Date "2014.06.20"]
[Round "14.23"]
[White "Ragger, Markus"]
[Black "Eljanov, Pavel"]
[Result "0-1"]
[WhiteTitle "GM"]
[BlackTitle "GM"]
[WhiteElo "2632"]
[BlackElo "2723"]
[WhiteFideId "1610856"]
[BlackFideId "14102951"]
[EventDate "2014.06.19"]

1. d4 Nf6 2. c4 e6 3. Nf3 b6 4. g3 Bb7 5. Bg2 Be7 6. O-O O-O 7. d5 exd5 8. Nh4
c6 9. cxd5 Nxd5 10. Nf5 Nc7 11. Nc3 d5 12. e4 Bf6 13. exd5 cxd5 14. Bf4 Nba6 15.
Re1 Qd7 16. Bh3 Qd8 17. Bg2 Qd7 18. Bh3 Qd8 19. Nd6 Bc6 20. Rc1 Nc5 21. Nf5 d4
22. b4 N7e6 23. Bd6 dxc3 24. bxc5 Nxc5 25. Bxf8 Qxf8 26. Qg4 Nd3 27. Re7 Bxe7
28. Rxc3 Ne5 29. Qf4 Bf6 30. Nh6+ Kh8 31. Nf5 Ng6 32. Qc7 Bxc3 33. Qxc6 Be5 34.
Ne3 Bd4 35. Nf5 Bc5 36. Qb7 Rd8 37. Bg4 Ne7 38. Nh4 f5 39. Bf3 g5 40. Ng2 Qf6
41. Ne1 Qc3 42. Kg2 Qxe1 0-1

[Event "FIDE World Blitz 2014"]
[Site "Dubai UAE"]
[Date "2014.06.20"]
[Round "14.25"]
[White "Kovalev, Vladislav"]
[Black "Van Wely, Loek"]
[Result "0-1"]
[WhiteTitle "GM"]
[BlackTitle "GM"]
[WhiteElo "2554"]
[BlackElo "2654"]
[WhiteFideId "13504398"]
[BlackFideId "1000268"]
[EventDate "2014.06.19"]

1. e4 c5 2. Nf3 e6 3. Nc3 a6 4. d4 cxd4 5. Nxd4 Qc7 6. Be2 Nf6 7. O-O d6 8. f4
Be7 9. a4 Nc6 10. Be3 O-O 11. Qe1 Nxd4 12. Bxd4 e5 13. fxe5 dxe5 14. Qg3 Bc5 15.
Bxc5 Qxc5+ 16. Kh1 Kh8 17. Qh4 Qe7 18. Bc4 Be6 19. Bxe6 fxe6 20. Rad1 Qb4 21.
Qg3 Rac8 22. Rb1 Nxe4 23. Nxe4 Qxe4 24. c3 Rf4 25. Rfe1 Qxa4 26. h3 Qc2 27. Rbd1
Rf6 28. Qxe5 Qxb2 29. Re2 Qb5 30. Qe3 h6 31. Red2 Kh7 32. Qe4+ Qf5 33. Qxb7 Rxc3
34. Qxa6 Qe4 35. Qe2 Rxh3+ 36. Kg1 Re3 37. Qh5 Re1+ 38. Kh2 Qf4+ 39. g3 Qe3 40.
Rxe1 Qxe1 41. Re2 Rf2+ 42. Rxf2 Qxf2+ 43. Kh1 Qf5 44. Qh4 e5 45. Kg2 e4 46. Qe7
Qf3+ 47. Kh2 e3 48. Qc7 Qe4 49. Qc3 e2 50. Qe1 Kg6 51. Kg1 Qe3+ 52. Kg2 Kg5 53.
Kh2 h5 54. Kg2 Kh6 55. Kh2 Kg6 56. Kg2 Kg5 57. Qa5+ Kf6 58. Qa1+ Kf5 59. Qa5+
Qe5 60. Qe1 Qe3 61. Qa5+ Kg6 62. Qe1 Kg5 63. Qa5+ Kh6 64. Qe1 g6 65. Kh2 g5 66.
Kg2 Kg6 67. Kh2 h4 68. gxh4 gxh4 69. Qb1+ Kg5 70. Qb5+ Kf4 71. Qb8+ Qe5 72. Qb4+ 0-1